Состав микрофлоры в зоне окисления Олимпиадинского золоторудного месторождения; Обской вестник; № 3/4

Podrobná bibliografie
Parent link:Обской вестник: научно-практический журнал/ Комитет России по водному хозяйству ; Сибирское соглашение ; Обской бассейновый совет ; Российская академия наук (РАН), Сибирское отделение (СО), Институт водных и экологических проблем (ИВЭП) ; Водоканал Барнаула ; Ноосфера.— , 1999-2001
№ 3/4.— 1999.— С. 97-99
Hlavní autor: Бернатонис П. В. Павел Вилисович
Korporativní autor: Томский политехнический университет (ТПУ)
Další autoři: Трифонова Н. А. Нина Алексеевна
Jazyk:ruština
Vydáno: 1999
Témata:
Médium: MixedMaterials Kapitola
KOHA link:https://koha.lib.tpu.ru/cgi-bin/koha/opac-detail.pl?biblionumber=410359

MARC

LEADER 00000naa2a2200000 4500
001 410359
005 20250530120107.0
035 |a (RuTPU)RU\TPU\prd\64275 
090 |a 410359 
100 |a 20090319a1999 k y0rusy50 ca 
101 0 |a rus 
102 |a RU 
200 1 |a Состав микрофлоры в зоне окисления Олимпиадинского золоторудного месторождения  |f П. В. Бернатонис, Н. А. Трифонова  |g Томский политехнический университет (ТПУ) 
320 |a Библиогр.: 11 назв. 
461 0 |0 (RuTPU)RU\TPU\prd\41  |t Обской вестник  |o научно-практический журнал  |f Комитет России по водному хозяйству ; Сибирское соглашение ; Обской бассейновый совет ; Российская академия наук (РАН), Сибирское отделение (СО), Институт водных и экологических проблем (ИВЭП) ; Водоканал Барнаула ; Ноосфера  |d 1999-2001 
463 0 |0 (RuTPU)RU\TPU\prd\64242  |t № 3/4  |v С. 97-99  |d 1999 
610 1 |a труды учёных ТПУ 
675 |a 551.481(571.513)  |v 3 
700 1 |a Бернатонис  |b П. В.  |c российский геолог  |c доцент Томского политехнического университета, кандидат геолого-минералогических наук  |f 1973-  |g Павел Вилисович  |y Томск  |3 (RuTPU)RU\TPU\pers\25037  |9 11170 
701 1 |a Трифонова  |b Н. А.  |c гидрогеохимик  |c старший научный сотрудник Томского политехнического университета, кандидат геолого-минералогических наук  |f 1945-2008  |g Нина Алексеевна  |3 (RuTPU)RU\TPU\pers\27295 
712 0 2 |a Томский политехнический университет (ТПУ)  |c (1991- )  |3 (RuTPU)RU\TPU\col\376 
801 1 |a RU  |b 63413507  |c 20090319  |g PSBO 
801 2 |a RU  |b 63413507  |c 20160125  |g RCR 
942 |c BK